Focus on Pronunciation: Student's book

ग्रंथसूची विवरण
मुख्य लेखक: Lane L. Linda
भाषा:अंग्रेज़ी
प्रकाशित: Longman, 1993
विषय:
स्वरूप: पुस्तक
KOHA link:https://koha.lib.tpu.ru/cgi-bin/koha/opac-detail.pl?biblionumber=29382

MARC

LEADER 00000nam0a2200000 4500
001 29382
005 20231030203353.0
010 |a 0201592843 
035 |a (RuTPU)RU\TPU\book\29643 
035 |a BOOK00029718 
090 |a 29382 
100 |a 20011209d1993 m y0engy50 ba 
101 0 |a eng 
102 |a GB 
105 |a y j 000zy 
200 1 |a Focus on Pronunciation  |e Student's book  |f L. Lane 
210 |c Longman  |c Addison-Wesley Publishing Company  |d 1993 
215 |a 228 p. 
510 1 |a Principles and Practice for Effective Communication 
610 1 |a английский язык 
610 1 |a учебные пособия 
610 1 |a разговорная речь 
610 1 |a устная речь 
610 1 |a лексика 
610 1 |a общение 
610 1 |a деловое общение 
610 1 |a произношение 
610 1 |a фонетика 
610 1 |a звуки 
686 |a Ш143.21-923.1  |v LBC/SL-A  |2 rubbk 
700 1 |a Lane  |b L.  |g Linda 
801 0 |a RU  |b 63413507  |c 20011209  |g PSBO 
801 2 |a RU  |b 63413507  |c 20221130  |g PSBO 
942 |c BK